Complex stochastic systems

Αποθηκεύτηκε σε:
Λεπτομέρειες βιβλιογραφικής εγγραφής
Συγγραφή απο Οργανισμό/Αρχή: Seminaire Europeen de Statistique on "Complex Stochastic Systems"
Άλλοι συγγραφείς: Barndorff-Nielsen, O. E. (Ole E.) (Επιμελητής έκδοσης), Cox, D. R. (David Roxbee) (Επιμελητής έκδοσης), Kluppelberg, Claudia 1953- (edtf)
Μορφή: Βιβλίο
Γλώσσα:English
Δημοσίευση: Boca Raton. FL : Chapman & Hall/CRC, c2001.
Σειρά:Monographs on statistics and applied probability ; 87
Θέματα:
Ετικέτες: Προσθήκη ετικέτας
Δεν υπάρχουν, Καταχωρήστε ετικέτα πρώτοι!

MARC

LEADER 00000cam a2200000 i 4500
001 1/24945
008 020617s2001 flu ||| | eng||
020 |a 1584881585 
035 |l 10067976 
040 |a GR-MyUA  |b gre  |e AACR2 
041 0 |a eng 
082 0 |a 519.23  
245 1 0 |a Complex stochastic systems /   |c edited by Ole E. Barndorff-Nielsen, David R. Cox, Claudia Kluppelberg.  
260 |a Boca Raton. FL :   |b Chapman & Hall/CRC,   |c c2001.  
300 |a xv, 279 σ. :   |b εικ. ;   |c 24 εκ.  
490 1 |a (Monographs on statistics and applied probability   |v ; 87)  
500 |a Papers given at the fourth Seminaire Europeen de Statistique on "Complex Stochastic Systems", held at Eindhoven, Netherlands, March 15-20, 1999. 
504 |a Περιέχει βιβλιογραφικές αναφορές και ευρετήριο.  
650 0 0 |a Stochastic processes  |x Congresses. 
650 0 0 |a Mathematical statistics  |x Congresses. 
700 1 |a Barndorff-Nielsen, O. E.   |q (Ole E.)  |e edt 
700 1 |a Cox, D. R.   |q (David Roxbee)  |e edt 
700 1 |a Kluppelberg, Claudia  |d 1953-  |e edtf 
710 1 |a Seminaire Europeen de Statistique on "Complex Stochastic Systems". 
830 0 |a Monographs on statistics and applied probability ;  |v  87 
852 |a INST  |b SAMOS  |e 20020617  |h 519.23 COM  |p 005300020055  |q 005300020055  |t BK  |y 0 
901 |a BIBL3-2002-2 
909 |a Σ  |b 102103 
922 |a 3ΕΛΗ  |b 200202  |c ΤΣΑΕ  |d ΠΑΠΑΣΩΤΗΡΙΟΥ 
950 |a 184-2002-02-19 
970 |a ΚΟΣΙΕΡΗΣ  |b ΧΡΗΣΤΟΣ  |z 2002/07/05